<?xml version="1.0" encoding="UTF-8"?>
<record
    xmlns:xsi="http://www.w3.org/2001/XMLSchema-instance"
    xsi:schemaLocation="http://www.loc.gov/MARC21/slim http://www.loc.gov/standards/marcxml/schema/MARC21slim.xsd"
    xmlns="http://www.loc.gov/MARC21/slim">

  <leader>02717nam a22002537a 4500</leader>
  <controlfield tag="005">20240305165519.0</controlfield>
  <controlfield tag="007">cr||||   |||| </controlfield>
  <controlfield tag="008">190412s2018    es |||||s|||| 00||0 spa d</controlfield>
  <datafield tag="020" ind1=" " ind2=" ">
    <subfield code="a">978-84-9148-985-6</subfield>
  </datafield>
  <datafield tag="035" ind1=" " ind2=" ">
    <subfield code="a">23001</subfield>
  </datafield>
  <datafield tag="040" ind1=" " ind2=" ">
    <subfield code="a">vLex</subfield>
  </datafield>
  <datafield tag="090" ind1=" " ind2=" ">
    <subfield code="c">8612</subfield>
    <subfield code="d">8612</subfield>
  </datafield>
  <datafield tag="100" ind1="1" ind2=" ">
    <subfield code="a">S&#xE1;nchez Sifriano, Reyna</subfield>
  </datafield>
  <datafield tag="245" ind1="1" ind2="0">
    <subfield code="a">T&#xF3;picos acerca de la cultura y conocimiento jur&#xED;dico del siglo XXI</subfield>
    <subfield code="h">[Recurso electr&#xF3;nico] /</subfield>
    <subfield code="c">Reyna S&#xE1;nchez Sifriano</subfield>
  </datafield>
  <datafield tag="256" ind1=" " ind2=" ">
    <subfield code="a">Servicio en l&#xED;nea</subfield>
  </datafield>
  <datafield tag="260" ind1=" " ind2=" ">
    <subfield code="a">Madrid:</subfield>
    <subfield code="b">Dykinson,</subfield>
    <subfield code="c">2018</subfield>
  </datafield>
  <datafield tag="300" ind1=" " ind2=" ">
    <subfield code="a">1 recurso electr&#xF3;nico</subfield>
  </datafield>
  <datafield tag="500" ind1=" " ind2=" ">
    <subfield code="a">T&#xF3;picos sobre la cultura y conocimiento jur&#xED;dico es una investigaci&#xF3;n integral con un grado de complejidad y profundidad producto de m&#xE1;s de 10 a&#xF1;os de experiencia en la investigaci&#xF3;n de pr&#xE1;ctica cient&#xED;fica del Derecho. La presente obra proporciona a los estudiosos del Derecho: abogados postulantes, a quienes procuran, administran e imparten justicia, informaci&#xF3;n acerca de los diferentes enfoques sobre los Derechos Humanos, y su impacto en diversos derechos fundamentales: a la vida, la libertad, el derecho de la mujer de ejercer su sexualidad, su derecho a la autodeterminaci&#xF3;n de la reproducci&#xF3;n de la mujer. Adem&#xE1;s, se enriquece el presente libro con los criterios jurisprudenciales con respecto a la interrupci&#xF3;n del embarazo, a trav&#xE9;s del aborto consentido y la problem&#xE1;tica que se plasma sobre la ponderaci&#xF3;n del aborto, as&#xED; como de la legislaci&#xF3;n nacional e internacional respecto a la persecuci&#xF3;n del aborto. Otro t&#xF3;pico importante, es lo referente al principio pro persona en relaci&#xF3;n al derecho de la autodeterminaci&#xF3;n reproductiva de la mujer, desde la perspectiva de la convencionalidad, considerando, a la biotecnolog&#xED;a y su relaci&#xF3;n con el c&#xF3;digo gen&#xE9;tico, la manipulaci&#xF3;n gen&#xE9;tica y lo referente a la huella gen&#xE9;tica. Tambi&#xE9;n, se logran algunas reflexiones acerca de la clonaci&#xF3;n humana y sus dilemas. Adem&#xE1;s, se hace referencia sobre la despenalizaci&#xF3;n de la cannabis en M&#xE9;xico y el t&#xF3;pico relativo de los criterios jurisdiccionales de la Suprema Corte de Justicia de la Naci&#xF3;n en M&#xE9;xico, para juzgar con perspectiva de g&#xE9;nero, bajo el contexto de los Derechos Humanos.</subfield>
  </datafield>
  <datafield tag="506" ind1="1" ind2=" ">
    <subfield code="a">Disponible solo en los productos indicados</subfield>
    <subfield code="d">vLex Global</subfield>
    <subfield code="d">vLex Global (Academic Edition, excluding Law Schools)</subfield>
    <subfield code="d">vLex Global (U.S. Academic Edition, Law Schools)</subfield>
    <subfield code="d">vLex Global (U.S. Academic Edition, excluding Law Schools)</subfield>
    <subfield code="d">vLex Global (Academic Edition, Law Schools)</subfield>
  </datafield>
  <datafield tag="650" ind1="0" ind2="4">
    <subfield code="a">Derecho Militar</subfield>
    <subfield code="z">Espa&#xF1;a</subfield>
  </datafield>
  <datafield tag="740" ind1="0" ind2=" ">
    <subfield code="a">vLex Libros (Servicio en l&#xED;nea)</subfield>
  </datafield>
  <datafield tag="856" ind1="4" ind2="0">
    <subfield code="u">https://app.vlex.com/#/sources/tagsos-acerca-de-la-cultura-y-conocimiento-juridico-del-siglo-xxi-23001</subfield>
  </datafield>
  <datafield tag="942" ind1=" " ind2=" ">
    <subfield code="c">RAA</subfield>
  </datafield>
  <datafield tag="952" ind1=" " ind2=" ">
    <subfield code="0">0</subfield>
    <subfield code="1">0</subfield>
    <subfield code="4">0</subfield>
    <subfield code="7">0</subfield>
    <subfield code="8">VLEX</subfield>
    <subfield code="9">324823</subfield>
    <subfield code="a">BD-UIN</subfield>
    <subfield code="b">BD-UIN</subfield>
    <subfield code="d">2024-03-05</subfield>
    <subfield code="l">0</subfield>
    <subfield code="p">23001</subfield>
    <subfield code="r">2024-03-05</subfield>
    <subfield code="w">2024-03-05</subfield>
    <subfield code="y">RAA</subfield>
  </datafield>
  <datafield tag="999" ind1=" " ind2=" ">
    <subfield code="c">166849</subfield>
    <subfield code="d">166849</subfield>
  </datafield>
</record>
